000 00377nam a2200145 i 4500
001 bg
100 1 _aBIELECKI, Jan
_d(?-2001).
245 0 _aSystem OS/RIAD :
_bopisy prac, zbiory, programy serwisowe /
_cJ. Bielecki.
260 _aWarszawa,
_c1984.
040 _cBPK
041 _apol
080 _a681.322.06(075.8)
942 _cKS
008 s pl f |000 0 pol
999 _c1191
_d1191
856 _uhttp://koha.tu.koszalin.pl/cgi-bin/koha/opac-detail.pl?biblionumber=1191
_yKatalog online BPK